02217cam a2200373 i 4500003000900000005001700009007000300026008004100029020001800070040003000088082001400118100003400132240006200166245016000228264005100388264002900439264002900468300002600497336002700523337003400550338002800584490002200612500003600634500007100670520064500741590002701386700004501413700006801458910001401526942001401540952013301554952013901687999001701826DO-SdBNP20240301180540.0ta751003s2011 sp 001 0 spa d a9788420674261 aDO-SdBNPbspacBNPHUerda bM392e2221 aMarx, Karl,d1818-188393043914aDas kapital. Kritik der politischen oekonomie lEspañol13aEl capital. Crítica de la economía política :bantología /cKarl Marx, ; selección, introducción y notas César Rendueles ; Manuel Sacristán 1aMadrid, España :bAlianza editorial, c2010. 3c2016. 5ta. reimpresión 3c2017. 6ta. reimpresión a521 páginasc18 cm. 2rdacontentatextobtxt 2rdamediaasin mediación bn 2rdacarrieravolumenbnc1 aCiencias sociales aIncluye Índice de conceptos.  aLa biblioteca posee la quinta y sexta reimpresión del 2016-2017. aPor su colosal ambición, que habría de destinarla a quedar inacabada, por su carácter de obra cumbre de su autor y por la influencia que, de un modo u otro, ha ejercido en la historia del mundo, El capital suele ser una obra más citada que leída, más imaginada que estudiada y, por supuesto, objeto de las más variadas manipulaciones, interpretaciones y descalificaciones. La presente antología selecciona lo fundamental de esta obra clave y anima a acercarse a ella con una perspectiva nueva, desprovista de prejuicios que permita valorar en su justa e importante medida la aportación de Karl Marx al debate económico.  aInventariado, 2023/ YL1 aSacristán, Manueletraducción9426691 aRendueles, César eselección, introducción y notas984411 aYlockward 2ddccLBS1 00102ddc56708GRaBNPHUbBNPHUcCTd2019-02-02eLibrería Cuestal0oBNPHU GR M392ep2023-6744r2023-10-06w2023-10-06yLBS1 00102ddc56708GRaBNPHUbBNPHUcCTd2019-02-02eLibrería Cuestal0oBNPHU GR M392ep2023-6745r2023-10-06te. 2w2023-10-06yLBS1 c55108d55108